000 00456nam a2200157 i 4500
001 44532
003 ES-MaACL
005 20230906161042.0
007 t|
008 030321s1949 sp ||||1| spa d
100 1 _aClemente Romeo, Esteban.
_939208
245 1 0 _aOndárroa /
_cEsteban Clemente Romeo.
260 _aBilbao :
_b[s.n.,
_c1949] (
_fTalls. Escuelas de la J. de P. Menores)
300 _a265 p. ;
_c21 cm.
852 _aES-MaACL
_jB-12764
_bR.29067
999 _c44532
_d44532